00271nam a22001097a 4500008004100000082001100041245006500052260000900117300001000126440001600136760000900152180802b xxu||||| |||| 00| 0 eng d a813.52 aNational Primary Care Nurse Practitioner SymposiumcResort,K c2005 a2fCD x18886491118 b30th